[Event "Kesan op 16th"]
[Site "Kesan"]
[Date "2018.08.16"]
[Round "8"]
[White "Gezici, Omer Ata"]
[Black "Gur, Erdal Eren"]
[Result "1-0"]
[WhiteElo "1697"]
[BlackElo "2007"]
[PlyCount "161"]
[EventDate "2018.08.12"]
[EventType "swiss"]
[EventRounds "9"]
[EventCountry "TUR"]
[SourceTitle "CBM 186 Extra"]
[Source "ChessBase"]
[SourceDate "2018.08.24"]
[SourceVersion "1"]
[SourceVersionDate "2018.08.24"]
[SourceQuality "1"]

1. e4 e5 2. Nf3 Nc6 3. Bc4 Be7 4. 0-0 Nf6 5. d3 d6 6. c3 0-0 7. h3 Na5 8. Bb5 a6 9. Ba4 b5 10. Bc2 c5 11. Nbd2 Bb7 12. Re1 Rc8 13. Nf1 b4 14. Ng3 g6 15. Bh6 Re8 16. Nh2 Kh8 17. Bd2 bxc3 18. Bxc3 Nc6 19. Ba4 Rf8 20. Qd2 Nd7 21. Bxc6 Bxc6 22. f4 f6 23. f5 Qe8 24. fxg6 hxg6 25. Qh6+ Kg8 26. Re3 Qf7 27. Nf5 Rfe8 28. Rg3 Nf8 29. Qe3 Qh7 30. Rg4 g5 31. h4 Bd7 32. Rf1 d5 33. Qg3 dxe4 34. dxe4 Ng6 35. hxg5 fxg5 36. Nxe7+ Rxe7 37. Rxg5 Rg7 38. Bxe5 Nxe5 39. Qxe5 Qh6 40. Qd5+ Be6 41. Rxg7+ Kxg7 42. Qe5+ Kg8 43. Rf6 Qe3+ 44. Kh1 Bf7 45. Rf3 Qh6 46. Qf5 Rc7 47. Rh3 Qc1+ 48. Nf1 Rc6 49. Rf3 Qh6+ 50. Kg1 Qg7 51. Rg3 Rg6 52. Qc8+ Kh7 53. Rh3+ Rh6 54. Rxh6+ Kxh6 55. Qh3+ Bh5 56. Ng3 Qd4+ 57. Kh2 Qxb2 58. Qxh5+ Kg7 59. Qg5+ Kf7 60. Qd5+ Kg6 61. Qg8+ Kh6 62. Nf5+ Kh5 63. Qg7 Qxg7 64. Nxg7+ Kg6 65. Ne6 c4 66. Nc5 Kf6 67. g4 c3 68. Nb3 Ke5 69. g5 c2 70. Nc1 a5 71. Kg3 Kxe4 72. g6 Ke3 73. g7 a4 74. g8Q Kd2 75. Qg5+ Kc3 76. Qe5+ Kd2 77. Qb2 Kd1 78. Nd3 Kd2 79. Nb4 a3 80. Qxc2+ Ke3 81. Qd3# 1-0

[Event "TUR-chT 1st League"]
[Site "Konya"]
[Date "2017.07.19"]
[Round "4.5"]
[White "Gur, Erdal Eren"]
[Black "Koc, Ilkay"]
[Result "0-1"]
[WhiteElo "1996"]
[BlackElo "2074"]
[PlyCount "84"]
[EventDate "2017.07.17"]
[EventType "team-swiss"]
[EventRounds "9"]
[EventCountry "TUR"]
[SourceTitle "CBM 179 Extra"]
[Source "ChessBase"]
[SourceDate "2017.08.23"]
[SourceVersion "1"]
[SourceVersionDate "2017.08.23"]
[SourceQuality "1"]
[WhiteTeam "Istanbul Teknik Uni"]
[BlackTeam "Karman Masterler"]
[WhiteTeamCountry "TUR"]
[BlackTeamCountry "TUR"]

1. e4 d5 2. exd5 Nf6 3. d4 Nxd5 4. Nf3 g6 5. c4 Nb6 6. Nc3 Bg7 7. h3 0-0 8. Be3 Nc6 9. Qd2 Re8 10. 0-0-0 e5 11. d5 Na5 12. b3 e4 13. Nd4 c6 14. dxc6 Nxc6 15. Nxc6 Qxd2+ 16. Kxd2 bxc6 17. Kc2 f5 18. c5 Nd7 19. Bc4+ Kh8 20. h4 Ne5 21. h5 Nxc4 22. bxc4 gxh5 23. Rxh5 Be6 24. Bd4 Bxc4 25. Bxg7+ Kxg7 26. Rd7+ Kg6 27. Rdxh7 Bd3+ 28. Kd2 Rab8 29. R7h6+ Kg7 30. Rxc6 Rb2+ 31. Ke3 f4+ 32. Kd4 Rb4+ 33. Kd5 Bc4+ 34. Kd6 Bf7 35. Rg5+ Kf6 36. Rd5 Rb7 37. Rc7 Re6+ 38. Kd7 Re7+ 39. Kd8 Rb8+ 40. Rc8 Re8+ 41. Kd7 Rbxc8 42. Nxe4+ Rxe4 0-1

[Event "TUR-chT"]
[Site "Izmir"]
[Date "2016.07.30"]
[Round "7.6"]
[White "Kanmazalp, Ogulcan"]
[Black "Gur, Erdal Eren"]
[Result "1-0"]
[WhiteElo "2422"]
[BlackElo "2005"]
[PlyCount "101"]
[EventDate "2016.07.25"]
[EventType "team-swiss"]
[EventRounds "13"]
[EventCountry "TUR"]
[SourceTitle "CBM 173 Extra"]
[Source "ChessBase"]
[SourceDate "2016.08.29"]
[SourceVersion "1"]
[SourceVersionDate "2016.08.29"]
[SourceQuality "1"]
[WhiteTeam "Kayseri Seker"]
[BlackTeam "Istanbul Teknik Uni"]
[WhiteTeamCountry "TUR"]
[BlackTeamCountry "TUR"]

1. e4 c5 2. Nc3 Nc6 3. Bb5 g6 4. Bxc6 dxc6 5. d3 Bg7 6. f4 Nh6 7. Nf3 0-0 8. 0-0 f5 9. e5 Nf7 10. Qe1 Be6 11. Be3 b6 12. b3 Qc7 13. a4 h6 14. Qg3 Kh7 15. Rae1 Rg8 16. Kh1 Bd5 17. Nh4 Bh8 18. Qh3 Be6 19. Nf3 Kg7 20. a5 Kf8 21. Qh4 Bg7 22. Qf2 h5 23. d4 Bh6 24. axb6 axb6 25. dxc5 bxc5 26. Bxc5 Kg7 27. Nd4 Bc8 28. Na4 Kh7 29. Nb6 Ra6 30. Nxc8 Rxc8 31. Qh4 Re8 32. b4 e6 33. Qg3 Qc8 34. Ra1 Bf8 35. Bxf8 Rxf8 36. Qd3 Rxa1 37. Rxa1 Qd7 38. Qc4 Nd8 39. h3 g5 40. Qc5 Rf7 41. Nf3 Rg7 42. Nxg5+ Kg6 43. Ra3 Qd2 44. Qe3 Qxc2 45. Rd3 Rg8 46. Qg3 Nf7 47. Rd7 Qc1+ 48. Kh2 Nh6 49. Nf3+ Ng4+ 50. hxg4 hxg4 51. Nh4+ 1-0

[Event "TUR-chT"]
[Site "Izmir"]
[Date "2016.07.25"]
[Round "1.7"]
[White "Gur, Erdal Eren"]
[Black "Erdogdu, Mert"]
[Result "0-1"]
[WhiteElo "2005"]
[BlackElo "2437"]
[PlyCount "60"]
[EventDate "2016.07.25"]
[EventType "team-swiss"]
[EventRounds "13"]
[EventCountry "TUR"]
[SourceTitle "CBM 173 Extra"]
[Source "ChessBase"]
[SourceDate "2016.08.29"]
[SourceVersion "1"]
[SourceVersionDate "2016.08.29"]
[SourceQuality "1"]
[WhiteTeam "Istanbul Teknik Uni"]
[BlackTeam "Deniz Su Aquamatch"]
[WhiteTeamCountry "TUR"]
[BlackTeamCountry "TUR"]

1. e4 c5 2. Nc3 e6 3. g3 Nc6 4. Bg2 g6 5. d3 Bg7 6. Nf3 Nge7 7. Be3 Nd4 8. 0-0 0-0 9. h4 d5 10. exd5 exd5 11. Bxd4 cxd4 12. Ne2 Qb6 13. Re1 Re8 14. Nf4 Qd6 15. Nh2 Bd7 16. Qf3 Rac8 17. Re2 Bh6 18. Nxd5 Nxd5 19. Rxe8+ Bxe8 20. Qxd5 Qxd5 21. Bxd5 Rxc2 22. Re1 Kf8 23. Nf3 Rxb2 24. Nxd4 Bd2 25. Re2 Bc3 26. Re4 f5 27. Ne6+ Ke7 28. Re3 Kd6 29. Bb3 Bc6 30. Kf1 Rb1+ 0-1

[Event "TUR-chT"]
[Site "Denizli"]
[Date "2013.07.09"]
[Round "12.6"]
[White "Serin, Sarper"]
[Black "Gur, Erdal Eren"]
[Result "0-1"]
[WhiteElo "1749"]
[BlackElo "2038"]
[PlyCount "58"]
[EventDate "2013.06.29"]
[EventType "team-tourn"]
[EventRounds "13"]
[EventCountry "TUR"]
[SourceTitle "CBM 155 Extra"]
[Source "ChessBase"]
[SourceDate "2013.08.26"]
[SourceVersion "1"]
[SourceVersionDate "2013.08.26"]
[SourceQuality "1"]
[WhiteTeam "Ceyhan Belediye"]
[BlackTeam "Istanbul Teknik Uni"]
[WhiteTeamCountry "TUR"]
[BlackTeamCountry "TUR"]

1. d4 Nf6 2. Nc3 d5 3. Bg5 c5 4. e3 cxd4 5. exd4 e6 6. Bd3 Nc6 7. Nge2 a6 8. 0-0 Bd6 9. Ng3 h6 10. Be3 e5 11. dxe5 Nxe5 12. Bf5 Be6 13. Re1 0-0 14. Bd4 Qc7 15. f4 Ned7 16. Bxe6 fxe6 17. Rxe6 Bxf4 18. Bf2 Qc4 19. Nf5 Bxh2+ 20. Kxh2 Ng4+ 21. Kg1 Rxf5 22. Bd4 Rf1+ 23. Qxf1 Qxd4+ 24. Kh1 Rf8 25. Qxf8+ Nxf8 26. Ree1 Qf4 27. Kg1 Ng6 28. Rad1 Qh2+ 29. Kf1 Nf4 0-1

[Event "TUR-chT"]
[Site "Konya"]
[Date "2012.07.22"]
[Round "13"]
[White "Gur, Erdal Eren"]
[Black "Duman, Aydin"]
[Result "0-1"]
[WhiteElo "2042"]
[BlackElo "2215"]
[PlyCount "76"]
[EventDate "2012.07.11"]
[EventType "team-tourn"]
[EventRounds "13"]
[EventCountry "TUR"]
[SourceTitle "CBM 149 Extra"]
[Source "ChessBase"]
[SourceDate "2012.08.24"]
[SourceVersion "1"]
[SourceVersionDate "2012.08.24"]
[SourceQuality "1"]
[WhiteTeam "Istanbul Teknik Uni"]
[BlackTeam "Mersin Ezgi"]
[WhiteTeamCountry "TUR"]
[BlackTeamCountry "TUR"]

1. e4 c5 2. Nc3 d6 3. g3 Nc6 4. Bg2 g6 5. d3 Bg7 6. f4 e6 7. Nf3 Nge7 8. Be3 b6 9. 0-0 0-0 10. h4 Ba6 11. g4 d5 12. Bf2 dxe4 13. Nxe4 Bxb2 14. h5 Nd5 15. Bh4 f6 16. hxg6 hxg6 17. Qd2 Bxa1 18. Rxa1 Nd4 19. Re1 Nxf3+ 20. Bxf3 Qc7 21. c4 Qxf4 22. Qe2 Qh6 23. Nxf6+ Rxf6 24. Bxf6 Nf4 25. Qe4 Rf8 26. Be7 Nh3+ 27. Kg2 Nf4+ 28. Kg1 Rf7 29. Bd6 Nh3+ 30. Kg2 Bb7 31. Qxe6 Bxf3+ 32. Kg3 Ng5 33. Qe8+ Kh7 34. Re7 Qh3+ 35. Kf2 Qg2+ 36. Ke1 Qg1+ 37. Kd2 Qd1+ 38. Kc3 Qc1+ 0-1